LEADER 01215nam a2200253 u 4500 001 000000112171 003 CaOOAMICUS 005 20080627163046.0 008 080627s2007 it m u000 u ita u 040 $aPUL$bita$dLDB 100 1 $aIaccarino, Antonio.$0(OLS)http://pul/name/68211 245 10$aGiustizia e veritą :$bper una prospettiva a partire dal confronto fra J. Rawls e L. Pareyson /$cAntonio Iaccarino. 260 $aRoma :$bPontificia Universitą Lateranense,$c2007. 300 $a112 p. ;$c24 cm. 502 $aDiss. (Doct.) -- Pontificia Universitą Lateranense, 2007. 504 $aInclude riferimenti bibliografici. 600 14$aPareyson, Luigi,$d1918-1991.$0(OLS)http://pul/subject/18846 600 14$aRawls, John,$d1922-2002.$0(OLS)http://pul/subject/18322 650 4$aGiustizia.$0(OLS)http://pul/subject/5671 850 $aPUL 852 $aPUL$W1$xDP1 Tesi Pon Univ. Lateranense$y41$m2008 E 4$j128402$qTesi$B127270$CPULBib$Z2$F127270 $82 941 1 $a16 996 $6245$aGiustizia e veritą :$bper una prospettiva a partire dal confronto fra J. Rawls e L. Pareyson$9(OLS)http://pul/title/141004 996 $6260$aRoma :$bPontificia Universitą Lateranense$9(OLS)http://pul/publisher/47963 LEADER 01980namaa2200457 i 4500 001 000000177718 003 CaOOAMICUS 005 20250502125742.0 007 tu 008 250502s2023 it 000 u ita r 020 $a978-88-928-7036-9* 040 $aPUL$bita$erda 082 0 $a261.8 100 0 $aFranciscus PP.,$d1936-2025,$eautore.$0(OLS)http://pul/name/86295 245 10$aConquista la pace /$cPapa Francesco ; prefazione di Mimmo Battaglia ; edizione critica a cura di Matteo Prodi e Sergio Tanzarella. 264 4$c©2023. 264 1$aTrapani :$bIl pozzo di Giacobbe,$c[2023] 300 $a200 pagine ;$c22 cm 336 $atesto$btxt$2rdacontent 337 $asenza mediazione$bn$2rdamedia 338 $avolume$bnc$2rdacarrier 490 1 $aRespiro ;$v 504 $aBibliografia in nota a pič pagina. 600 04$aFranciscus PP.,$d1936-2025$xInsegnamenti.$0(OLS)http://pul/subject/39921 700 1 $aBattaglia, Domenico,$d1963-,$eautore di introduzione.$0(OLS)http://pul/name/114345 700 1 $aTanzarella, Sergio,$d1959-,$ecuratore.$0(OLS)http://pul/name/114344 700 1 $aProdi, Matteo$b1966-,$ecuratore.$0(OLS)http://pul/name/111406 830 0$aRespiro.$0(OLS)http://pul/title/217308 850 $aPUL 852 $aPUL$W1$xSL Religione 3$y85$m261. 8 FRANC 18$j201653$qDDC 21$B206695$CPULBib$Z2$F206695 $H137815 $82 900 $aBergoglio, Jorge Mario$986295 900 $aFrancesco, papa,$d1936-$986295 910 $aPapi (2013-2025 : Franciscus)$986295 910 $aPapi (2013-2025 : Franciscus)$986295 941 1 $a9 996 $6020$a978-88-928-7036-9*$9(OLS)http://pul/number/170325 996 $6082$a261.8$9(OLS)http://pul/classification/367 996 $6245$aConquista la pace$9(OLS)http://pul/title/219253 996 $6264$aTrapani :$bIl pozzo di Giacobbe$9(OLS)http://pul/publisher/79226 996 $6264$a[S.l.] :$b[s.n.]$9(OLS)http://pul/publisher/0